Schlesien und ich
| Titel: | Schlesien und ich |
|---|---|
| Verfasser: | |
| In: |
Beuthener Geschichts- und Museumsverein: Mitteilungen des Beuthener Geschichts- und Museumsvereins, Band 51 (1997), Seite 175-178 alle Artikel anzeigen |
| Veröffentlicht: | 1997 |
| Format: | Aufsatz |
| Sprache: | Deutsch |
X
alg: 39205510 001A $01999:11-11-16 001B $01999:12-03-21 $t19:05:59.000 001C $06050:19-11-16 $t08:50:44.000 001D $01999:11-11-16 001U $0utf8 001X $00 002@ $0Aox 003@ $0392055104 007A $0392055104 $aHEB 007T $0Herd50908 010@ $ager 011@ $a1997 021A $aSchlesien und ich 028A $#Igálffy, Ludwig $#Igálffy von Igály, Ludwig $#Igálffy- von Igáli, Ludwig $#Igálffy-von Igáli, Ludwig $#Igály, Ludwig Igálffy- $#Igáli, Ludwig Igálffy- von $7130187321 $8Igálffy-Igály, Ludwig$Z1924- [Tp1] $9160398789 031A $d51 $h175-178 $j1997 037A $aErinnerungen des 1924 geb. Verfassers an seine Tätigkeit als Familienforscher 037A $aWspomnienia autora urodzonego w 1924 roku na temat jego własnej działalności jako genealoga rodzinnego039B $aIn $8--Abvc--Beuthener Geschichts- und Museumsverein [Tb1]. Mitteilungen des Beuthener Geschichts- und Museumsvereins. - Dortmund : Forschungsstelle Ostmitteleuropa, 1911-2002. - ISSN 0933-4564 $x199700000510000825 $9047288426 045F $a900.94380904 $eDDC23BSB 045F/01 $a900 045F/03 $f0904 045F/03 $g438 045F/03 $g4385 045T $a9,10 lok: 39205510 78 exp: 39205510 78 1 #EPN 201B/01 $019-04-17 $t10:59:06.000 201U/01 $0utf8 203@/01 $0788151053 208@/01 $a11-11-16 $be 209A/01 $a/ $f000 $x00 220C/01 $aTitelaufnehmer: cs 244Z/01 $2Trx $#Silesia $#Śląsk $#Sliezsko $#Slezsko $8--Trx--Schlesien $x01 $9391173987 244Z/01 $2Trx $#Poola $#Lenkija $#Polija $#Polen Land $#Poland $#Lengyelország $#Poľsko $#Polsko $8--Trx--Polska$gkraj $x02 $9391345966 244Z/01 $aGeschichte 1924-1996 $x03 244Z/01 $2Trx $#perekond sotsiaalne grupp $#šeima socialinė grupė $#family social group $#család szociális csoport $#rodzina, grupa społeczna $#rodina sociálna skupina $#rodina sociální skupina $8--Trx--Familie$gsoziale Gruppe $x04 $9391372238 244Z/01 $2Trx $#mälestused $#atsiminimai $#Memoirs $#emlékezések $#wspomnienia $#spomienky $#vzpomínky $#memuaarid $#Memoiren $#pamiętniki $#pamäti $#paměti $8--Trx--Erinnerungen $x05 $9391357727 244Z/01 $2Trx $8--Trx--Zeitschriftenaufsatz $x06 $9391384341 245Z/01 $a03.04.04 $x01 247C/01 $82080>Marburg/Lahn, Herder-Institut, Forschungsbibliothek, Bibliographieportal $9336309341
| LEADER | 00000caa a22000002c 4500 | ||
|---|---|---|---|
| 001 | 392055104 | ||
| 003 | DE-603 | ||
| 005 | 20210312190559.0 | ||
| 007 | tu | ||
| 008 | 161111s1997 xx |||| | u00||u|ger c | ||
| 035 | |a (DE-599)HEB392055104 | ||
| 040 | |a DE-603 |b ger |c DE-603 |d DE-603 | ||
| 041 | |a ger | ||
| 082 | 0 | 4 | |8 1\u |a 900.94380904 |q DE-101 |2 23/BSB |
| 084 | |a 9,10 |2 ssgn | ||
| 085 | |8 1\u |b 900 | ||
| 085 | |8 1\u |z 1 |s 0904 | ||
| 085 | |8 1\u |z 2 |s 438 | ||
| 085 | |8 1\u |z 2 |s 4385 | ||
| 100 | 1 | |a Igálffy-Igály, Ludwig |d 1924- |0 (DE-603)160398789 |0 (DE-588)130187321 |2 gnd | |
| 245 | 0 | 0 | |a Schlesien und ich |
| 264 | 0 | |c 1997 | |
| 500 | |a Erinnerungen des 1924 geb. Verfassers an seine Tätigkeit als Familienforscher | ||
| 500 | |a Wspomnienia autora urodzonego w 1924 roku na temat jego własnej działalności jako genealoga rodzinnego <pol> | ||
| 773 | 0 | 8 | |i In |a Beuthener Geschichts- und Museumsverein |t Mitteilungen des Beuthener Geschichts- und Museumsvereins |d Dortmund : Forschungsstelle Ostmitteleuropa, 1911-2002 |x 0933-4564 |g Band 51 (1997), Seite 175-178 |w (DE-603)047288426 |w (DE-600)206022-X |
| 924 | 0 | |9 2080 |a (DE-603)788151053 |b DE-2080 |c HES |d d |g / | |


